| 000 | 01053nam a22002177a 4500 | ||
|---|---|---|---|
| 999 |
_c56858 _d56858 |
||
| 003 | Ge_BSU | ||
| 005 | 20190517151054.0 | ||
| 008 | 190516s1999 ge ||||| |||| 00| 0 geo d | ||
| 020 | _a 9992877170 | ||
| 041 | _ageo | ||
| 080 | _a340.1 ი-69 | ||
| 100 |
_aინწკირველი, გ. _91293 |
||
| 245 |
_aსახელმწიფოსა და სამართლის თეორია : _b(ძირითადი ცნებები და დებულებები) / _cგივი ინწკირველი ; რედ.: ს. ჯორბენაძე. |
||
| 264 |
_aთბილისი : _bთბილ. უნ-ტის გამ-ბა, _c1999. |
||
| 300 |
_a196 გვ. ; _b20 სმ. |
||
| 504 | _aბიბლიოგრ. ტექსტის შენიშვნ. | ||
| 653 | _aსახელმწიფოს თეორია | ||
| 653 | _aსამართლის თეორია | ||
| 700 |
_aჯორბენაძე, ს. _eრედაქტორი _91292 |
||
| 942 |
_2udc _cBK |
||